இலங்கையில் மங்கையரும் ஆடவரும்

Ilaṅkaiyil maṅkaiyarum āṭavarum
Saved in:
Bibliographic Details
Main Author: தொகைமதிப்பு புள்ளிவிபரத் திணைக்களம்
Format: Book
Language:Sinhalese
Published: இலங்கை : தொகைமதிப்பு புள்ளிவிபரத் திணைக்களம், 1995.
Tags: Add Tag
No Tags, Be the first to tag this record!

MARC

LEADER 00000nam a2200000 4500
003 LK-CoNLD
005 20220201110300.0
008 220201b |||||||| |||| 00| 0 sin d
015 |2 slnb 
017 |b LK-CoDNA 
020 |a 9555771472 
040 |a LK-CoNLD  |b TAM  |c LK-CoNLD  |d LK-CoNLD 
082 |2 23  |q LK-CoNLD 
100 |9 65684  |a தொகைமதிப்பு புள்ளிவிபரத் திணைக்களம் 
245 |6 880-1  |a இலங்கையில் மங்கையரும் ஆடவரும்  |c  / தொகைமதிப்பு புள்ளிவிபரத் திணைக்களம். [நிதி, திட்டமிடல், இனவிவகார, தேசிய நல்லிணக்க அமைச்சு.] 
260 |9 65683  |a இலங்கை :  |b தொகைமதிப்பு புள்ளிவிபரத் திணைக்களம்,  |c 1995. 
300 |a ப. iv, 101 ;  
880 |6 245-1  |a Ilaṅkaiyil maṅkaiyarum āṭavarum 
942 |c BOOK 
999 |c 250514  |d 250514